03501cam a22003977i 450000100090000000300040000900500170001300800410003001000170007102000180008802000180010602000220012403500240014604000590017004200140022905000230024308200180026610000440028424501370032825000090046526400570047426400110053130000540054233600260059633700280062233800270065050400530067750520030073065000270273365000530276070000420281390600450285594200420290095201440294299900170308618648729OSt20230818155710.0150605t20172017at a b 001 0 eng d a 2015943329 a9789391566111 a9781305632295 a130563229Xq(hbk) a(OCoLC)ocn946635421 aELWbengcELWerdadOCLCFdJHEdYDXCPdBTCTAdYDXdDLC alccopycat00aHG4026b.B669 201704a658.15bBRI/F aBrigham, Eugene Fd1930-eauthor.9114610aFinancial management :btheory & practice /cEugene F. Brigham, University of Florida, Michael C. Ehrhardt, University of Tennessee. a15e. 1aAustralia ;aBoston, MA :bCengage Learning,c[2017] 4c©2014 axxxii, 1180 pages :bcolor illustrations ;c26 cm atextbtxt2rdacontent aunmediatedbn2rdamedia avolumebnc2rdacarrier aIncludes bibliographical references and indexes.0 a1: An Overview of Financial Management and the Financial Environment. Web Extensions. 1A: An Overview of Derivatives. 1B: A Closer Look at the Stock Markets. 2: Financial Statements, Cash Flow, and Taxes. Web Extensions. 2A: The Federal Income Tax System for Individuals. 3: Analysis of Financial Statements. 4: Time Value of Money. Web Extensions. 4A: The Tabular Approach. 4B: Derivation of Annuity Formulas. 4C: Continuous Compounding. 5: Bonds, Bond Valuation, and Interest Rates. Web Extensions. 5A: A Closer Look at Zero Coupon Bonds. 5B: A Closer Look at TIPS: Treasury Inflation-Protected Securities. 5C: A Closer Look at Bond Risk: Duration. 5D: The Pure Expectations Theory and Estimation of Forward Rates. 6: Risk and Return. Web Extensions. 6A: Continuous Probability Distributions. 6B: Estimating Beta with a Financial Calculator. 7: Valuation of Stocks and Corporations. Web Extensions. 7A: Derivation of Valuation Equations. 8: Financial Options and Applications in Corporate Finance. 9: The Cost of Capital. Web Extensions. 9A: The Required Return Assuming Nonconstant Dividends and Stock. Repurchases. 10: Basics of Capital Budgeting: Evaluating Cash Flows. Web Extensions. 10A: The Accounting Rate of Return (ARR). 11: Cash Flow Estimation and Risk Analysis. Web Extensions. 11A: Certainty Equivalents and Risk-Adjusted Discount Rates. 12: Corporate Valuation and Financial Planning. 13: Corporate Governance. 14: Distributions to Shareholders: Dividends and Repurchases. 15: Capital Structure Decisions. Web Extensions15A: Degree of Leverage. 16: Supply Chains and Working Capital Management. Web Extensions. 16A: Secured Short-Term Financing. 17: Multinational Financial Management. 18: Public and Private Financing: Initial Offerings, Seasoned Offerings, and Investment Banks. Web Extensions. 18A: Rights Offerings. 19: Lease Financing. Web Extensions. 19A: Leasing Feedback. 19B: Percentage Cost Analysis. 19C: Leveraged Leases. 20: Hybrid Financing: Preferred Stock, Warrant. 0aCorporationsxFinance. 7aCorporationsxFinance.2fast0(OCoLC)fst008798411 aEhrhardt, Michael C.,d1955-eauthor. a7bcbcccopycatd2encipf20gy-gencatlg 2ddccBKh658.15iBRI/Fk658.15mBRI/F 00102ddc40708MANAGEMENTaMESbMEScMANAGEMENTd2023-08-18l0o658.15 BRI/Fp42107r2023-08-18 15:58:11v1099.00w2023-08-18yBKzGL57R3 c41918d41918